Desafíos de nuestro tiempo
Saved in:
| Hovedforfatter: | |
|---|---|
| Format: | Bog |
| Sprog: | spansk |
| Udgivet: |
Santiago
Patris
1998
|
| Udgivelse: | 4a. ed |
| Fag: | |
| Tags: |
Tilføj Tag
Ingen Tags, Vær først til at tagge denne postø!
|
MARC
| LEADER | 00000nam a2200000 a 4500 | ||
|---|---|---|---|
| 001 | UCH4279 | ||
| 003 | CL-VaPUC | ||
| 008 | 090818e19980000CL |||||||||||||||||spa|d | ||
| 020 | |a 9562460886 | ||
| 082 | 0 | 4 | |a 282 |b KEN |2 21 |
| 100 | |a Kentenich, José |e author |9 393339 | ||
| 245 | 1 | 0 | |a Desafíos de nuestro tiempo |
| 250 | |a 4a. ed | ||
| 300 | |a 255 p | ||
| 942 | |c BK | ||
| 945 | |d 20090818 00:00:00 |a ccalabra | ||
| 260 | |a Santiago |b Patris |c 1998 | ||
| 650 | 0 | |a Catolicismo |9 258690 | |
| 650 | 0 | |a Iglesia Católica |9 256114 | |
| 650 | 0 | |a Cristianismo |9 257361 | |
| 650 | 0 | |a Filosofía cristiana |9 265980 | |
| 650 | 0 | |a Teología cristiana |9 308336 | |
| 583 | |a last modification |c 20150406 11:55:56 |k Rodrigo Vera | ||
| 999 | |c 335611 |d 335609 | ||